[Event "Irkutsk Baykal op"]
[Site "Irkutsk"]
[Date "2015.06.06"]
[Round "8"]
[White "Usov, Alexander"]
[Black "Zubakin, Leonid"]
[Result "0-1"]
[WhiteElo "1683"]
[BlackElo "1477"]
[PlyCount "82"]
[EventDate "2015.05.30"]
[EventType "swiss"]
[EventRounds "9"]
[EventCountry "RUS"]
[SourceTitle "EXT 2016"]
[Source "ChessBase"]
[SourceDate "2015.10.08"]
[SourceVersion "1"]
[SourceVersionDate "2015.10.08"]
[SourceQuality "1"]

1. e4 c5 2. Nf3 Nc6 3. d4 cxd4 4. Nxd4 d6 5. c4 Nf6 6. Nc3 e6 7. Bg5 Be7 8. Be2 0-0 9. 0-0 Re8 10. a3 d5 11. Nxc6 bxc6 12. e5 Nd7 13. Bf4 Rb8 14. b4 Ba6 15. b5 cxb5 16. Nxb5 Bxb5 17. cxb5 Bc5 18. Qd3 Qb6 19. Qg3 Nf8 20. h4 Ng6 21. h5 Nxf4 22. Qxf4 Bf8 23. a4 Rec8 24. Rac1 Ba3 25. Rxc8+ Rxc8 26. h6 g6 27. Qd2 Qc5 28. g4 Bc1 29. Qd3 Bxh6 30. Kg2 Bf4 31. Qh3 h6 32. Rh1 Qc7 33. Qh4 Qxe5 34. Bf3 Bg5 35. Qg3 Qb2 36. Qd6 Be3 37. Rf1 Rc2 38. Qd8+ Kg7 39. g5 Rxf2+ 40. Kg3 Qe5+ 41. Kh3 Qh2+ 0-1

[Event "Irkutsk Baykal op"]
[Site "Irkutsk"]
[Date "2015.06.05"]
[Round "7"]
[White "Usov, Alexander"]
[Black "Eliseev, Nikolay"]
[Result "1-0"]
[WhiteElo "1683"]
[BlackElo "2104"]
[PlyCount "63"]
[EventDate "2015.05.30"]
[EventType "swiss"]
[EventRounds "9"]
[EventCountry "RUS"]
[SourceTitle "EXT 2016"]
[Source "ChessBase"]
[SourceDate "2015.10.08"]
[SourceVersion "1"]
[SourceVersionDate "2015.10.08"]
[SourceQuality "1"]

1. e4 d5 2. exd5 Qxd5 3. Nc3 Qd8 4. Nf3 Nf6 5. Bc4 Bf5 6. d4 e6 7. a3 Nbd7 8. Bf4 c6 9. 0-0 Nb6 10. Bb3 Bg4 11. Ne2 Bxf3 12. gxf3 g5 13. Be5 Rg8 14. Kh1 Bd6 15. Rg1 Rg6 16. c4 Bc7 17. f4 Ne4 18. Qe1 Bxe5 19. fxe5 g4 20. Nf4 Qxd4 21. Nxg6 hxg6 22. Rg2 Qd3 23. Qe3 Nxf2+ 24. Qxf2 Qxb3 25. Qf6 Qxc4 26. Rf2 Qd5+ 27. Kg1 Qd4 28. Qxf7+ Kd8 29. Qxe6 Kc7 30. Qf7+ Nd7 31. e6 Rf8 32. Qxd7+ 1-0

[Event "Irkutsk Baykal op"]
[Site "Irkutsk"]
[Date "2015.06.03"]
[Round "5"]
[White "Usov, Alexander"]
[Black "Tatarnikova, Ekaterina"]
[Result "1-0"]
[WhiteElo "1683"]
[BlackElo "1503"]
[PlyCount "95"]
[EventDate "2015.05.30"]
[EventType "swiss"]
[EventRounds "9"]
[EventCountry "RUS"]
[SourceTitle "EXT 2016"]
[Source "ChessBase"]
[SourceDate "2015.10.08"]
[SourceVersion "1"]
[SourceVersionDate "2015.10.08"]
[SourceQuality "1"]

1. e4 e5 2. f4 d6 3. Bc4 Nf6 4. d3 Be7 5. Nf3 Nc6 6. a3 0-0 7. 0-0 Bg4 8. h3 Be6 9. Bxe6 fxe6 10. fxe5 dxe5 11. Be3 Nd4 12. Nxe5 c5 13. c3 Nb5 14. Qb3 Qb6 15. Nd2 Nc7 16. Qc2 Qb5 17. a4 Qe8 18. Rab1 Rd8 19. b4 cxb4 20. cxb4 Rc8 21. Qb3 Bd6 22. Ndc4 Bxe5 23. Nxe5 b6 24. b5 Nd7 25. Rxf8+ Kxf8 26. Rf1+ Kg8 27. Nf7 Nf6 28. Nd6 Qd7 29. Nxc8 Qxc8 30. Qc4 Qd7 31. Rf3 Kh8 32. Bf4 Nce8 33. Qc6 Qf7 34. Bb8 Qe7 35. Bxa7 h6 36. Bxb6 Nd6 37. e5 Nxb5 38. exf6 gxf6 39. axb5 f5 40. Qc8+ Kh7 41. Rg3 Qg7 42. Rxg7+ Kxg7 43. Bd4+ Kf7 44. Qd7+ Kg6 45. Qg7+ Kh5 46. g4+ Kh4 47. Kh2 h5 48. Bf2# 1-0

[Event "Irkutsk Baykal op"]
[Site "Irkutsk"]
[Date "2015.06.01"]
[Round "3"]
[White "Vinkovskaia, Kristina"]
[Black "Usov, Alexander"]
[Result "1-0"]
[WhiteElo "1604"]
[BlackElo "1683"]
[PlyCount "71"]
[EventDate "2015.05.30"]
[EventType "swiss"]
[EventRounds "9"]
[EventCountry "RUS"]
[SourceTitle "EXT 2016"]
[Source "ChessBase"]
[SourceDate "2015.10.08"]
[SourceVersion "1"]
[SourceVersionDate "2015.10.08"]
[SourceQuality "1"]

1. e4 c5 2. Nf3 d6 3. d4 cxd4 4. Nxd4 a6 5. Be3 Nf6 6. f3 e5 7. Nb3 Be6 8. c4 Be7 9. Nc3 0-0 10. g4 Re8 11. h4 b5 12. cxb5 d5 13. exd5 Nxd5 14. Bf2 Nxc3 15. bxc3 Qc7 16. Rc1 axb5 17. Bxb5 Rd8 18. Qc2 Qb7 19. Be2 Bd5 20. Rb1 Bxf3 21. Nd4 Qxb1+ 22. Qxb1 Bxh1 23. Nf5 Ba3 24. Bb6 Rc8 25. Kd2 Bc6 26. c4 Nd7 27. c5 Rcb8 28. Ne7+ Kf8 29. Nxc6 Rc8 30. Bf3 Ra4 31. Qxh7 Nf6 32. Qh8+ Ng8 33. Nxe5 Bb4+ 34. Kd3 Rxa2 35. Qh5 g6 36. Qh7 1-0

[Event "Irkutsk Baykal op"]
[Site "Irkutsk"]
[Date "2014.06.13"]
[Round "7"]
[White "Eliseev, Nikolay"]
[Black "Usov, Alexander"]
[Result "0-1"]
[WhiteElo "2104"]
[BlackElo "1643"]
[PlyCount "48"]
[EventDate "2014.06.07"]
[EventType "swiss"]
[EventRounds "9"]
[EventCountry "RUS"]
[SourceTitle "CBM 161 Extra"]
[Source "ChessBase"]
[SourceDate "2014.08.29"]
[SourceVersion "1"]
[SourceVersionDate "2014.08.29"]
[SourceQuality "1"]

1. d4 Nf6 2. Nf3 c5 3. e3 e6 4. Bd3 Nc6 5. 0-0 d5 6. b3 cxd4 7. exd4 Be7 8. Nbd2 Qb6 9. Bb2 a5 10. a3 a4 11. b4 Bd7 12. Rc1 Rc8 13. Qe2 0-0 14. Rce1 Qc7 15. Nb1 Ne8 16. Nc3 Na7 17. Nxd5 exd5 18. Qxe7 Nc6 19. Bxh7+ Kxh7 20. Qh4+ Kg8 21. Ng5 Bf5 22. g4 Qf4 23. h3 Nxd4 24. f3 Rxc2 0-1

[Event "Irkutsk Baykal op"]
[Site "Irkutsk"]
[Date "2014.06.08"]
[Round "2"]
[White "Usov, Alexander"]
[Black "Sakhirov, Boris"]
[Result "1/2-1/2"]
[WhiteElo "1643"]
[BlackElo "1845"]
[PlyCount "86"]
[EventDate "2014.06.07"]
[EventType "swiss"]
[EventRounds "9"]
[EventCountry "RUS"]
[SourceTitle "CBM 161 Extra"]
[Source "ChessBase"]
[SourceDate "2014.08.29"]
[SourceVersion "1"]
[SourceVersionDate "2014.08.29"]
[SourceQuality "1"]

1. e4 c5 2. c3 e5 3. Bc4 Nf6 4. d3 Nc6 5. Nf3 Be7 6. Bg5 d6 7. h3 h6 8. Bh4 0-0 9. 0-0 Nd7 10. Bg3 Nb6 11. Bb3 Kh8 12. d4 Bf6 13. dxc5 dxc5 14. Qxd8 Nxd8 15. Bxe5 Bxe5 16. Nxe5 Be6 17. Bxe6 Nxe6 18. Nd2 Kh7 19. f4 f6 20. f5 Ng5 21. Ng6 Rfd8 22. Rfd1 Rd7 23. Kf2 Rad8 24. Ke2 Na4 25. Nb3 Rxd1 26. Rxd1 Rxd1 27. Kxd1 Nxe4 28. Na5 b6 29. Nc6 Nxb2+ 30. Kc2 Na4 31. Nxa7 Naxc3 32. Kd3 b5 33. Nxb5 Nxb5 34. Kxe4 Nc3+ 35. Kd3 Nxa2 36. Kc4 Nc1 37. Kxc5 Nd3+ 38. Kd6 h5 39. Kd5 Ne1 40. Nf4 h4 41. Kd4 Kh6 42. Ke4 Kg5 43. Ne6+ Kh6 1/2-1/2

[Event "Irkutsk-ch otbor"]
[Site "Irkutsk"]
[Date "2013.11.17"]
[Round "1"]
[White "Kopylov, Oleg"]
[Black "Usov, Alexander"]
[Result "1-0"]
[WhiteElo "1951"]
[BlackElo "1657"]
[PlyCount "51"]
[EventDate "2013.11.17"]
[EventType "swiss"]
[EventRounds "9"]
[EventCountry "RUS"]
[SourceTitle "EXT 2016"]
[Source "ChessBase"]
[SourceDate "2015.10.08"]
[SourceVersion "1"]
[SourceVersionDate "2015.10.08"]
[SourceQuality "1"]

1. d4 Nf6 2. Nf3 c5 3. d5 e6 4. c4 b5 5. Bg5 exd5 6. cxd5 Qa5+ 7. Bd2 Qb6 8. e4 d6 9. Bd3 Bg4 10. Nc3 a6 11. h3 Bh5 12. Ne2 Nbd7 13. g4 Bg6 14. Ng3 Ne5 15. Nxe5 dxe5 16. Qf3 c4 17. Bc2 h5 18. g5 Nd7 19. Nf5 Bxf5 20. exf5 Bd6 21. 0-0 Qd4 22. Bc3 Qh4 23. Qg2 0-0-0 24. f4 f6 25. Be1 Bc5+ 26. Kh1 1-0

[Event "Irkutsk Baykal op"]
[Site "Irkutsk"]
[Date "2012.06.06"]
[Round "5"]
[White "Usov, Alexander"]
[Black "Anisimov, Aleksandr"]
[Result "1-0"]
[WhiteElo "1686"]
[BlackElo "2010"]
[PlyCount "49"]
[EventDate "2012.06.02"]
[EventType "swiss"]
[EventRounds "9"]
[EventCountry "RUS"]
[SourceTitle "EXT 2014"]
[Source "ChessBase"]
[SourceDate "2013.11.20"]
[SourceVersion "1"]
[SourceVersionDate "2013.11.20"]
[SourceQuality "1"]

1. e4 e5 2. d4 exd4 3. c3 d5 4. Qxd4 dxe4 5. Qxd8+ Kxd8 6. Bc4 Ke8 7. Bf4 c6 8. Nd2 Bf5 9. Ne2 Bc5 10. Ng3 Bg6 11. Ndxe4 Be7 12. 0-0 Nd7 13. Rfe1 Kf8 14. Nd6 b5 15. Bb3 Ngf6 16. Re2 Nc5 17. Rae1 Nd3 18. Rxe7 Nxe1 19. Rxe1 a5 20. a4 b4 21. h4 bxc3 22. bxc3 Ra7 23. h5 Bd3 24. h6 Rd7 25. Nh5 1-0